Real-time Performance Metrics Evaluator for E-Commerce Site /
Saved in:
| Main Author: | |
|---|---|
| Format: | Thesis Book |
| Language: | English |
| Published: |
2013.
|
| Subjects: | |
| Tags: |
Add Tag
No Tags, Be the first to tag this record!
|
| LEADER | 01186cam a2200313 i 4500 | ||
|---|---|---|---|
| 001 | u888514 | ||
| 003 | SIRSI | ||
| 005 | 201309251042 | ||
| 008 | 130925s2013 my a t 000 0 eng m | ||
| 040 | |a UMM |e rda | ||
| 090 | |a QA76.758 |b UM 2013 Sor | ||
| 100 | 1 | |a Soroush, Mansoureh, |e author. | |
| 245 | 1 | 0 | |a Real-time Performance Metrics Evaluator for E-Commerce Site / |c Mansoureh Soroush. |
| 264 | 1 | |c 2013. | |
| 264 | 4 | |c 2013. | |
| 300 | |a xiv, 145 leaves : |b illustrations ; |c 30 cm. | ||
| 336 | |a text |2 rdacontent | ||
| 337 | |a unmediated |2 rdamedia | ||
| 338 | |a volume |2 rdacarrier | ||
| 502 | |b M.Softw.Eng. |c Jabatan Kejuruteraan Perisian, Fakulti Sains Komputer dan Teknologi Maklumat, Universiti Malaya |d 2013. | ||
| 504 | |a Bibliography: leaves 121-124. | ||
| 650 | 0 | |a Electronic commerce. | |
| 650 | 0 | |a Electronic commerce |x Evaluation. | |
| 650 | 0 | |a Web sites |x Evaluation. | |
| 650 | 0 | |a Real-time data processing. | |
| 710 | 2 | |a Universiti Malaya. |b Jabatan Kejuruteraan Perisian, |e degree granting institution. | |
| 900 | |a AT-ZA | ||
| 596 | |a 1 | ||
| 999 | |a QA76.758 UM 2013 SOR |w LC |c 1 |i A514648814 |d 17/10/2017 |e 17/10/2017 |f 22/12/2014 |g 1 |l STACKS |m P01UTAMA |n 2 |r Y |s Y |t TESIS |u 12/12/2014 | ||
